Paesi che Iniziano con C - Quiz sulla Forma - Statistics

Statistiche generali
  • Questo quiz è stato fatto 2.560 volte
  • Il punteggio medio è 11 su 17
Statistiche sulle risposte
con Immagini Risposta % Corretto
Cile
98%
Canada
97%
Cipro
93%
Cina
92%
Croazia
90%
Cuba
74%
Ciad
68%
Colombia
57%
Città del Vaticano
56%
Camerun
52%
Corea del Sud
51%
Corea del Nord
48%
Costa Rica
45%
Cambogia
44%
Comore
44%
Capo Verde
38%
Costa d'Avorio
38%
Nessun quiz corrispondente trovato
Distribuzione punteggi
Percentuale di utenti per punteggio
Percentile per numero di risposta
I tuoi punteggi nel tempo
Non hai fatto questo quiz